000 00577nam a22002297a 4500
003 UA-OsUOA
001 74510
007 ta
008 20110411b un ||||| |||| 00| 0 ukr d
100 _aПопов В.П.
700 _aКрайнюченко И.В.
090 _a330
_bП58
942 _cSA
040 _aUA-OsUOA
_brus
_cUA-OsUOA
_dUA-OsUOA
245 _aМакроэкономическая системология
300 _aС.7-24
955 _a0
041 _arus
080 _a330
773 0 _w74509
650 7 _a330 Економіка взагалі
_2UDC
999 _c360801
_d360801